Visualizzazione normale
Vista MARC
- Rodgers Richard
di Personal Name
Records bibliografici associati: 1
001 - CONTROL NUMBER
- control field: 28177
003 - CONTROL NUMBER IDENTIFIER
- control field: IT-RoPau
005 - DATE AND TIME OF LATEST TRANSACTION
- control field: 20140603163300.0
008 - FIXED-LENGTH DATA ELEMENTS
- fixed length control field: 140603|| aca||aabn | a|a d
040 ## - CATALOGING SOURCE
- Original cataloging agency: IT-RoPau
- Transcribing agency: IT-RoPau
100 ## - HEADING--PERSONAL NAME
- Personal name: Rodgers Richard
- Dates associated with a name: Codice autore musica SPICS: 11120
- Relator term: Autore musica
- Name of part/section of a work: With A Song In My Heart
670 ## - SOURCE DATA FOUND
- Source citation: Work cat.: (IT-RoPau)99341: AA.VV. 794, Prestige Story (The)